<?xml version="1.0" encoding="UTF-8"?>
<record
    xmlns:xsi="http://www.w3.org/2001/XMLSchema-instance"
    xsi:schemaLocation="http://www.loc.gov/MARC21/slim http://www.loc.gov/standards/marcxml/schema/MARC21slim.xsd"
    xmlns="http://www.loc.gov/MARC21/slim">

  <leader>01645na  a2200397   4500</leader>
  <controlfield tag="001">20215</controlfield>
  <controlfield tag="003">MIRAKIL</controlfield>
  <controlfield tag="005">20181213154907.0</controlfield>
  <controlfield tag="008">170120b        tu            000 0      </controlfield>
  <datafield tag="035" ind1=" " ind2=" ">
    <subfield code="a">20215</subfield>
  </datafield>
  <datafield tag="040" ind1=" " ind2=" ">
    <subfield code="a">Milas</subfield>
    <subfield code="b">tur</subfield>
    <subfield code="c">TR-AnCHP</subfield>
  </datafield>
  <datafield tag="041" ind1=" " ind2=" ">
    <subfield code="a">tur</subfield>
  </datafield>
  <datafield tag="082" ind1=" " ind2=" ">
    <subfield code="a">CHP 324.2372026</subfield>
    <subfield code="b">C36&#xFC; 1999</subfield>
  </datafield>
  <datafield tag="090" ind1=" " ind2=" ">
    <subfield code="a">BRO&#x15E;&#xDC;R 309</subfield>
  </datafield>
  <datafield tag="110" ind1=" " ind2=" ">
    <subfield code="a">Cumhuriyet Halk Partisi (CHP)</subfield>
  </datafield>
  <datafield tag="222" ind1=" " ind2=" ">
    <subfield code="a">&#xDC;ye kay&#x131;t yenileme</subfield>
  </datafield>
  <datafield tag="245" ind1=" " ind2=" ">
    <subfield code="a">CHP &#xFC;ye kay&#x131;t yenileme y&#xF6;netmeli&#x11F;i</subfield>
    <subfield code="b">CHP Parti Meclisi'nin 28.08.1999 tarihli toplant&#x131;s&#x131;nda kabul edilmi&#x15F;tir</subfield>
    <subfield code="c">CHP</subfield>
  </datafield>
  <datafield tag="246" ind1=" " ind2=" ">
    <subfield code="a">CHP Parti Meclisi'nin 28.08.1999 tarihli toplant&#x131;s&#x131;nda kabul edilmi&#x15F;tir</subfield>
  </datafield>
  <datafield tag="246" ind1=" " ind2=" ">
    <subfield code="a">CHP 1999 &#xFC;ye kay&#x131;t yenileme y&#xF6;netmeli&#x11F;i</subfield>
  </datafield>
  <datafield tag="260" ind1=" " ind2=" ">
    <subfield code="a">Ankara </subfield>
    <subfield code="b">CHP</subfield>
    <subfield code="c">1999</subfield>
  </datafield>
  <datafield tag="300" ind1=" " ind2=" ">
    <subfield code="a">14 s.</subfield>
    <subfield code="c">21 sm.</subfield>
  </datafield>
  <datafield tag="440" ind1=" " ind2=" ">
    <subfield code="a">Cumhuriyet Halk Partisi yay&#x131;nlar&#x131;</subfield>
    <subfield code="p">Y&#xF6;netmelikler</subfield>
  </datafield>
  <datafield tag="490" ind1=" " ind2=" ">
    <subfield code="a">&#xDC;ye Kay&#x131;t Yenileme (&#xDC;KY)</subfield>
    <subfield code="v">1</subfield>
  </datafield>
  <datafield tag="500" ind1=" " ind2=" ">
    <subfield code="a">K&#xFC;t&#xFC;phaneciden &#xE7;evrimd&#x131;&#x15F;&#x131; versiyonu sa&#x11F;lanabilir</subfield>
  </datafield>
  <datafield tag="500" ind1=" " ind2=" ">
    <subfield code="a">D&#x131;&#x15F; kapak yap&#x131;t ad&#x131;: T&#xFC;rkiye'ye sahip &#xE7;&#x131;k kayd&#x131;n&#x131; yenile. &#xDC;ye kay&#x131;t yenileme y&#xF6;netmeli&#x11F;i</subfield>
  </datafield>
  <datafield tag="610" ind1=" " ind2=" ">
    <subfield code="a">Cumhuriyet Halk Partisi (CHP)</subfield>
    <subfield code="x">Y&#xF6;netmelikler, 1999</subfield>
    <subfield code="y">Parti &#xFC;yeli&#x11F;i</subfield>
    <subfield code="y">&#xDC;yelik yenileme</subfield>
  </datafield>
  <datafield tag="610" ind1=" " ind2=" ">
    <subfield code="a">Cumhuriyet Halk Partisi (CHP)</subfield>
    <subfield code="x">T&#xFC;z&#xFC;k ve y&#xF6;netmelikler</subfield>
  </datafield>
  <datafield tag="657" ind1=" " ind2=" ">
    <subfield code="a">CHP 1999 y&#xF6;netmeli&#x11F;i</subfield>
  </datafield>
  <datafield tag="657" ind1=" " ind2=" ">
    <subfield code="a">CHP y&#xF6;netmelikleri</subfield>
  </datafield>
  <datafield tag="740" ind1=" " ind2=" ">
    <subfield code="a">CHP Parti Meclisi'nin 28.08.1999 tarihli toplant&#x131;s&#x131;nda kabul edilen &#xFC;ye kay&#x131;t yenileme y&#xF6;netmeli&#x11F;i</subfield>
  </datafield>
  <datafield tag="740" ind1=" " ind2=" ">
    <subfield code="a">T&#xFC;rkiye'ye sahip &#xE7;&#x131;k kayd&#x131;n&#x131; yenile.</subfield>
  </datafield>
  <datafield tag="740" ind1=" " ind2=" ">
    <subfield code="a">CHP 1999 &#xFC;ye kay&#x131;t yenileme y&#xF6;netmeli&#x11F;i</subfield>
  </datafield>
  <datafield tag="830" ind1=" " ind2=" ">
    <subfield code="a">CHP y&#xF6;netmelikleri</subfield>
  </datafield>
  <datafield tag="942" ind1=" " ind2=" ">
    <subfield code="2">dcc</subfield>
    <subfield code="c">BKS</subfield>
  </datafield>
  <datafield tag="952" ind1=" " ind2=" ">
    <subfield code="5">1</subfield>
    <subfield code="a">0001</subfield>
    <subfield code="b">0001</subfield>
    <subfield code="d">2017-01-15</subfield>
    <subfield code="e">2</subfield>
    <subfield code="f"> BRO&#x15E;&#xDC;RLER</subfield>
    <subfield code="l">0</subfield>
    <subfield code="o">BRO&#x15E;&#xDC;R 309</subfield>
    <subfield code="p">011471</subfield>
    <subfield code="r">2017-01-15 00:00:00</subfield>
    <subfield code="t">k.13</subfield>
    <subfield code="w">2017-01-15</subfield>
    <subfield code="x"> &#xD6;zg&#xFC;n kitap</subfield>
    <subfield code="y">VIS</subfield>
  </datafield>
  <datafield tag="999" ind1=" " ind2=" ">
    <subfield code="c">2702</subfield>
    <subfield code="d">2702</subfield>
  </datafield>
</record>
